Validación de la adaptabilidad del cultivo de papa de las variedades Cal White, Monte Carlo Cardinal Solanum tuberosum L., en zonas bajas y de clima cálido; en la comunidad Abangascar Sur, en el municipio de León, departamento de León

Presenta documento con la validación de la adaptabilidad del cultivo de papa de las variedades Cal White, Monte Carlo Cardinal Solanum tuberosum L., en zonas bajas y de clima cálido; en la comunidad Abangascar Sur, en el municipio de León, departamento de León en el cual se presentan las condici...

Full description

Bibliographic Details
Main Authors: Avilés Reyes, Noelia Calíope, Talavera Cruz, Helio Cesar
Other Authors: Tutor: Sotelo Contreras, Rosario Verónica
Format: Tesis Section = Libro
Language:Undetermined
Spanish
Published: Managua UNI 2015
Subjects:
LEADER 01590nam a2200289Ia 4500
008 240830s9999 xx 000 0 und d
040 |a BIBLIOTECA-RUPAP Mon 635.21 A958 
041 |a spa 
082 |a Mon 635.21 A958 
100 1 |a Avilés Reyes, Noelia Calíope 
100 1 |b  Talavera Cruz, Helio Cesar 
245 1 0 |a Validación de la adaptabilidad del cultivo de papa de las variedades Cal White, Monte Carlo Cardinal Solanum tuberosum L., en zonas bajas y de clima cálido; en la comunidad Abangascar Sur, en el municipio de León, departamento de León 
260 |a Managua  |b UNI  |c 2015 
300 |a 107 p. :il. 
500 |a Contiene: anexos. 
502 |a Tesis (Ingeniero Agrícola)- UNI, 2015. 
520 3 |a Presenta documento con la validación de la adaptabilidad del cultivo de papa de las variedades Cal White, Monte Carlo Cardinal Solanum tuberosum L., en zonas bajas y de clima cálido; en la comunidad Abangascar Sur, en el municipio de León, departamento de León en el cual se presentan las condiciones edafológicas del área de estudio, se realizó un diseño agronómico, hidráulico y geométrico del sistema de riego por goteo que abastecerá las necesidades hídricas del cultivo. 
650 7 |a PAPAS – TUBERCULOS 
650 7 |b PAPAS – ASPECTOS ECONOMICOS 
650 7 |c SEMILLAS DE PAPA 
650 7 |d SIEMBRA DE LA PAPA 
650 7 |e PAPAS – CULTIVO 
650 7 |f CONTROL DE PLAGAS Y ENFERMEDADES – CULTIVO DE LA PAPA 
700 1 |a Tutor:  |b Sotelo Contreras, Rosario Verónica 
942 |c BK  |2 ddc 
991 |a TESIS 
999 |c 16762